00384 2200157 4500001002100000005001500021035002000036245003700056100001700093300002800110260003600138082000800174084001400182020001800196990001200214INLIS00000000000186420250515102709 a0010-05250001561 aKamus Matematika /cDjati Kerami0 aDjati Kerami a320 hlm ;c15 x 20,5 cm aJakarta :bBalai Pustaka,c2002 a510 a510 DJA k a979-666-295-7 a0754816